Chozi langu / (Record no. 9317)
[ view plain ]
| 000 -LEADER | |
|---|---|
| fixed length control field | 00398cam a22001577i 4500 |
| 005 - DATE AND TIME OF LATEST TRANSACTION | |
| control field | 20250901165807.0 |
| 008 - FIXED-LENGTH DATA ELEMENTS--GENERAL INFORMATION | |
| fixed length control field | 140925s2014 ke 000 1 swa |
| 010 ## - LIBRARY OF CONGRESS CONTROL NUMBER | |
| LC control number | 2014321004 |
| 020 ## - INTERNATIONAL STANDARD BOOK NUMBER | |
| International Standard Book Number | 9789966101235 |
| 050 00 - LIBRARY OF CONGRESS CALL NUMBER | |
| Classification number | PL 8704 .M64 2013 |
| 100 1# - MAIN ENTRY--PERSONAL NAME | |
| Personal name | Mogambi, Hezron. |
| 245 10 - TITLE STATEMENT | |
| Title | Chozi langu / |
| Statement of responsibility, etc. | Hezron Mogambi. |
| 250 ## - EDITION STATEMENT | |
| Edition statement | Toleo la kwanza. |
| 300 ## - PHYSICAL DESCRIPTION | |
| Extent | 296 pages ; |
| Dimensions | 18 cm. |
| 942 ## - ADDED ENTRY ELEMENTS (KOHA) | |
| Source of classification or shelving scheme | Library of Congress Classification |
| Withdrawn status | Lost status | Source of classification or shelving scheme | Damaged status | Not for loan | Collection | Home library | Current library | Shelving location | Date acquired | Source of acquisition | Total checkouts | Full call number | Barcode | Date last seen | Date last checked out | Copy number | Price effective from | Koha item type |
|---|---|---|---|---|---|---|---|---|---|---|---|---|---|---|---|---|---|---|
| Library of Congress Classification | Main Library | Main Library | 03/20/2025 | Donation from KICD | PL 8704 .M64 2013 | PIUD0000198 | 03/20/2025 | 2 | 03/20/2025 | Books | ||||||||
| Library of Congress Classification | Main Library | PIU Library | 03/20/2025 | Donation from KICD | 1 | PL 8704 .M64 2013 | PIUD0000197 | 10/08/2025 | 09/23/2025 | 1 | 03/20/2025 | Books |